Mokoš vystúpil na Elbrus

Bibliographic Details
Format: Article
Language:Slovak
PhysicalDescription:Fotogr.
ISSN:1210-2423
Subjects:

MARC

LEADER 00000nab a2200000 ar4500
001 vtls011569005
003 SK-MaSNL
005 20260304230437.0
008 160722c2016 xo wr|p|||||||000 b|slo
038 |a PPPK 
040 |a PPPKCL  |b slo  |c PPPKCL  |e AACR2 
041 0 |a slo 
044 |a xo  |c SK 
080 |a 352.075.2  |2 2011 
080 |a 796.52  |2 2011 
245 0 0 |a Mokoš vystúpil na Elbrus  |c [text a foto] (red) 
300 |b Fotogr. 
600 1 7 |a Mokoš, Ján,  |d 1949-  |2 pppkcl  |9 109615 
610 1 7 |a Vysoké Tatry (Slovensko).  |b Primátor  |2 pppkcl  |9 176365 
648 7 |a 23.6.2016  |2 pppkcl  |9 1306570 
650 0 7 |a primátori  |2 pppkcl  |9 29696 
650 0 7 |a horolezectvo  |2 pppkcl  |9 1050 
650 0 7 |a osobnosti  |2 pppkcl  |9 29820 
651 7 |a Vysoké Tatry (Poľsko a Slovensko : pohorie)  |2 pppkcl  |9 67729 
651 7 |a Elbrus (Kaukaz, Rusko : vrch)  |2 pppkcl  |9 118785 
773 0 |t Podtatranské noviny  |g Roč. LVI, č. 27 (2016), s. 8  |x 1210-2423 
852 |a PPPK  |b KIS3GCP 
999 |c 3183116  |d 3185046